| 000 | 00919nam a2200229 a 4500 | ||
|---|---|---|---|
| 001 | 55202 | ||
| 003 | BD-RjUL | ||
| 005 | 20211209080231.0 | ||
| 008 | 161115s1967 ii ||||| |||| 00| 0 ben d | ||
| 020 | _c: IRs 10.00 | ||
| 035 | _a(BD-RjUL)55324 | ||
| 040 |
_aBD-RjUL _bben _cBD-RjUL |
||
| 041 | _aben | ||
| 082 |
_223 _a891.4409 _bBAU 1967 |
||
| 100 |
_a বন্দোপাধ্যায়, অসিতকুমার _9145676 |
||
| 245 | 1 | 0 |
_aউনিশ বিশ / _cঅসিতকুমার বন্দোপাধ্যায় |
| 260 |
_aকলিকাতা : _bমন্ডল বুক হাউস, _c১৯৬৭ [১৩৭৪] |
||
| 300 |
_a২৮৩ পৃ. ; _c২১ সেমি . |
||
| 650 |
_aবাংলা সাহিত্য _xইতিহাস ও সমালোচনা _9164474 |
||
| 650 |
_aBengali Literature _xHistory & Criticism _9164475 |
||
| 942 |
_2ddc _cBK |
||
| 999 |
_c55202 _d55202 |
||